[Event "EU-chT (Men) 15th"]
[Site "Gothenburg"]
[Date "2005.08.05"]
[Round "7.2"]
[White "Gyimesi, Zoltan"]
[Black "Dreev, Alexey"]
[Result "1-0"]
[WhiteElo "2628"]
[BlackElo "2698"]
[Annotator "Dautov,R"]
[PlyCount "115"]
[EventDate "2005.07.30"]
[EventType "team-swiss"]
[EventRounds "9"]
[EventCountry "SWE"]
[SourceTitle "CBM 109"]
[Source "ChessBase"]
[SourceDate "2005.11.14"]
[SourceVersion "1"]
[SourceVersionDate "2005.11.14"]
[SourceQuality "1"]
[WhiteTeam "Hungary"]
[BlackTeam "Russia"]
[WhiteTeamCountry "HUN"]
[BlackTeamCountry "RUS"]

1. c4 c6 2. e4 d5 3. exd5 cxd5 4. d4 Nf6 5. Nc3 e6 6. Nf3 Bb4 7. cxd5 exd5 (
7... Nxd5) 8. Bd3 O-O 9. Ne5 Nc6 10. O-O Re8 11. Bf4 ({Die andere
aussichtsreiche Möglichkeit ist} 11. Nxc6 bxc6 12. Bg5 Be7 13. Re1 Rb8 14. Qc2
h6 15. Bh4 Rb4 {Holst,P (2230)-Bjerring,K (2405)/Vejle 1974} 16. Ne2 $14) 11...
Nxd4 (11... Nxe5 $6 12. dxe5 Bxc3 13. bxc3 Nd7 $6 14. Re1 Nf8 $2 (14... Nc5 15.
Bc2 $14) 15. Bb5 Bd7 16. Qxd5 $16 {Pavlovic,M (2505)-Petronic,J (2455)/Ulcinj
1997}) 12. Bxh7+ Nxh7 (12... Kxh7 13. Qxd4 Bxc3 14. bxc3 (14. Qxc3 $2 Ne4 15.
Qd4 Qf6 $1 $17) 14... Kg8 15. Rfe1 Bf5 16. Bg5 $14 {Petronic}) 13. Qxd4 Bxc3
14. Qxc3 (14. bxc3 $5) 14... Be6 $146 (14... Qf6 15. Qd2 Be6 (15... g5 $5 16.
Bg3 $8 Rxe5 17. Bxe5 Qxe5 18. Rae1 Qf5 $14) 16. Rfe1 Rac8 17. Nf3 Bg4 18. Ne5
Be6 19. Rac1 Rxc1 20. Rxc1 Rc8 21. Rxc8+ Bxc8 $11 {Pavlovic,M (2535)-Petronic,
J (2450)/Jugoslavija 1998}) 15. Be3 Qh4 16. Nf3 Qa4 17. b3 {Wie es in der
Variante 7...exd5 häufig der Fall ist, hat Weiß eine leicht bessere Stellung
bekommen, die er gefahrlos auf Gewinn spielen kann.} Qa6 18. Nd4 Nf8 19. Qd2
Bd7 20. Rfd1 Rac8 21. a4 Qg6 22. Qd3 Qxd3 23. Rxd3 Ne6 $2 {Dieser Zug läßt
sich schwer erklären. Hat Alexey tatsächlich den Bauern a7 stehen lassen oder
hat er etwa gehofft, die entstehende Stellung remisieren zu können?
Stattdessen hätte Schwarz nach 23...a6 seine Stellung halten können.} (23... a6
24. Ne2 Ng6 $1 25. Rxd5 Be6 26. Rd3 Ne5 27. Rc3 Rxc3 28. Nxc3 Rc8 29. Ne4 Bxb3
$11) 24. Nxe6 Bxe6 25. Bxa7 $16 Rc2 26. h3 Rec8 27. b4 Kf8 28. Kh2 Ke7 29. a5 {
Weiß bildet als erstes einen Freibauern auf dem Damenflügel.} g6 30. Bd4 Kd6
31. b5 Bd7 32. Rb3 R2c4 33. Be3 $1 d4 34. Bf4+ Kc5 35. a6 Kb6 36. Be5 $18 Ra8
37. Rd1 bxa6 38. Bxd4+ Rxd4 {Das Qualitätsopfer ist erzwungen, Weiß hat nun
eine technisch gewonnene Stellung.} (38... Kb7 39. bxa6+ Kxa6 40. Be3 $18) (
38... Kc7 39. Be5+ Kc8 40. Rxd7 Kxd7 41. b6 $18) 39. Rxd4 Bxb5 40. Rc3 a5 41.
Rd6+ Kb7 42. Rf6 Be8 43. f4 a4 44. Ra3 Ra6 45. Rxa6 Kxa6 46. f5 Kb5 47. Re3 Bc6
48. g4 Kb4 49. h4 a3 50. Kg3 a2 51. Re1 gxf5 (51... Kb3 52. Kf4 Bd5 (52... Kb2
53. h5 $18) 53. Kg5 gxf5 54. gxf5 $18) 52. g5 Be4 (52... Bb5 53. h5 f4+ 54.
Kxf4 $18) 53. Ra1 f4+ 54. Kxf4 Bb1 55. h5 Kb3 56. Ke5 Kb2 57. Rxa2+ Kxa2 58.
Kf6 1-0

[Event "Candidates Tournament Gp2"]
[Site "Dortmund"]
[Date "2002.07.06"]
[Round "1"]
[White "Morozevich, Alexander"]
[Black "Bareev, Evgeny"]
[Result "0-1"]
[WhiteElo "2716"]
[BlackElo "2726"]
[Annotator "Dautov,R"]
[PlyCount "80"]
[EventDate "2002.07.06"]
[EventType "tourn"]
[EventRounds "6"]
[EventCountry "GER"]
[EventCategory "20"]
[SourceTitle "CBM 090"]
[Source "ChessBase"]
[SourceDate "2002.09.20"]
[SourceVersion "1"]
[SourceVersionDate "2002.09.20"]
[SourceQuality "1"]

{[%mdl 32768]} 1. e4 c6 2. d4 d5 3. exd5 cxd5 4. c4 Nf6 5. Nc3 e6 6. c5 Be7 7.
Nf3 O-O 8. b4 b6 9. Rb1 $1 {Eine unangenehme Überraschung für Bareev!
Morozevich hat für die Partie einen seltenen Zug in einer seltenen Variante
vorbereitet. Die Hauptidee des Zuges ist es, den schwarzen Vorstoß a7-a5 zu
entkräften.} ({Die Theorie verspricht Schwarz ein ruhiges Leben nach der
Hauptfortsezung} 9. Bd3 a5 10. Na4 Nbd7 11. a3 axb4 12. axb4 bxc5 13. bxc5 e5
14. Nxe5 (14. dxe5 $2 Nxc5 $1) 14... Bxc5 $11) 9... bxc5 $6 $146 {Von der
Eröffnungswahl des Gegners überrascht, greift Bareev fehl. Den Schlüsselzug
Nf6-e4 sollte er ohne diesen Zwischentausch ausführen.} (9... Ne4 $1 10. Qc2 (
10. Nxe4 $2 dxe4 11. Ne5 f6 12. Nc4 Nc6 $15) 10... f5 (10... Nxc3 11. Qxc3 a5
12. b5 $14) 11. Bd3 bxc5 (11... Bf6 12. O-O g5 13. Ne2 a5 $2 14. c6 Na6 15.
Bxa6 Rxa6 16. b5 $16 {Estrin,Y-Goldberg,G/Moscow 1955}) 12. bxc5 Bf6 13. O-O
Nc6 14. Ne2 g5 15. Bb5 Qc7 16. Bxc6 $6 Qxc6 $11 {/\Ba6 Rubin,S-Thinnsen,J/Los
Angeles 1991}) (9... a5 10. a3 axb4 11. axb4 Ne4 12. Qc2 f5 (12... Nxc3 13.
Qxc3 bxc5 14. dxc5 $1 $14) 13. Bb5 $1 $14) (9... Bb7 10. Bd3 Ne4 11. Qc2 f5 12.
O-O $14) 10. bxc5 Ne4 $2 {Übersieht eine wichtige Feinheit.} 11. Nxe4 $1 dxe4
12. Ne5 {Dank der Öffnung der b-Linie verfügt Weiß nun über die Möglichkeit
Rxb8 nebst Nc6.} Qc7 {Gespielt, um den Springer auf c6 entwickeln zu können.
Die Dame wird aber selbst zum Angriffsobjekt.} (12... f6 13. Rxb8 $1 Rxb8 14.
Nc6 Qc7 15. Nxb8 Qxb8 16. Qb3 Qxb3 17. axb3 Rd8 18. Be3 f5 19. Bc4 g5 20. g3
$16) (12... Bf6 13. Bf4 Bxe5 14. Bxe5 Nc6 15. Bd6 Qa5+ 16. Qd2 Qxd2+ 17. Kxd2
Rd8 18. Ke3 $16) 13. Bf4 $16 {/\Ng6} Rd8 14. Qa4 {Dank seinen zahlreichen
Drohungen hat Weiß einen deutlichen Vorteil und ich bin mir nicht sicher, daß
der Textzug der beste ist.} ({Eventuell war} 14. Qd2 $5 {am stärksten:} g5 15.
Bg3 f5 16. Bc4 f4 $2 17. Bxf4 gxf4 18. Qxf4 Rf8 19. Qg3+ Kh8 20. Nf7+ $18)
14... g5 15. Bd2 $1 {/\Ba5} (15. Bg3 f5 16. Nf7 f4 17. Nxd8 Qxd8 $13) 15... Bd7
16. Bb5 $2 {Mit diesem Fehler vergibt Morozevich seinen gesamten Vorteil.} (16.
Qa3 $5 Nc6 17. Nxc6 Qxc6 $14 (17... Bxc6 $2 18. Ba5 Qd7 19. Bxd8 Rxd8 20. Rd1
$16)) (16. Qa5 $5 Qc8 17. Bc4 f6 18. Nxd7 Qxd7 19. Bc3 Nc6 20. Qa6 $16) 16...
Bxb5 17. Qxb5 (17. Rxb5 Nc6 $132) 17... Rxd4 $11 18. Qe8+ Bf8 19. Bc3 (19. Ng4
Rxd2 $1 20. Nf6+ Kg7 21. Nh5+ Kg8 22. Nf6+ $11 (22. Kxd2 Qxc5 $13)) 19... Qxe5
20. O-O $4 {Führt sogar zum Verlust. Weiß hätte mit 20.Rb7 Remis forcieren
müssen.} (20. Rb7 Qf4 21. Bxd4 Qc1+ 22. Ke2 Qc2+ $11) 20... Qd5 $19 21. c6 (21.
Rxb8 Rxb8 22. Qxb8 Rd1 $19) (21. Bxd4 Nd7 $19) 21... Qd8 22. Qxd8 Rxd8 23. c7
Rc8 24. cxb8=Q Raxb8 25. Rxb8 Rxb8 26. Bd4 a6 27. g3 h6 28. Rc1 Rb4 29. Be3 Bg7
30. h4 Bd4 31. Bxd4 Rxd4 32. hxg5 hxg5 33. Rc5 Rd5 34. Rc4 Re5 35. Kf1 Kg7 36.
Ke2 f5 37. a4 Kf6 38. Ke3 Rd5 39. g4 Rd3+ 40. Ke2 Ke5 0-1

[Event "Olympiad-40"]
[Site "Istanbul"]
[Date "2012.09.03"]
[Round "6.3"]
[White "Akobian, Varuzhan"]
[Black "Fridman, Daniel"]
[Result "1/2-1/2"]
[WhiteElo "2617"]
[BlackElo "2653"]
[Annotator "Fridman,D"]
[PlyCount "72"]
[EventDate "2012.08.28"]
[EventType "team-swiss"]
[EventRounds "11"]
[EventCountry "TUR"]
[SourceTitle "CBM 151"]
[Source "ChessBase"]
[SourceDate "2012.11.13"]
[SourceVersion "1"]
[SourceVersionDate "2012.11.13"]
[SourceQuality "1"]
[WhiteTeam "US of America"]
[BlackTeam "Germany"]
[WhiteTeamCountry "USA"]
[BlackTeamCountry "GER"]

1. d4 Nf6 2. c4 e6 3. Nf3 d5 4. Nc3 c5 {Das war eine Überraschung für meinen
Gegner. Schwarz will nach 5.cxd Nxd5 Semi-Tarrasch spielen.} 5. e3 {Eine
natürliche Reaktion auf eine Überraschung in der Eröffnung. Man will solide
aufbauen. Trotzdem ist 5.cxd Nxd5 6.e4 eine mehrversprechende Fortsetzung.} (5.
cxd5 Nxd5 (5... exd5 6. g3 (6. Bg5)) 6. e4 (6. e3)) 5... Nc6 {Aus dieser
symmetrischen Stellung enstehen meistens Isolani-Strukturen, sowohl für Weiß
als auch für Schwarz.} (5... cxd4 6. exd4 (6. Nxd4 Nc6) 6... Bb4 (6... Nc6)) 6.
a3 ({Z.B.} 6. cxd5 exd5 7. Bb5 {führt zu einer Panov-Variante mit vertauschten
Farben.}) 6... cxd4 7. exd4 Be7 8. c5 {Weiß versucht mehr Raum am Damenflügel
zu gewinnen.} Ne4 {Ein Versuch den Pc5 sofort loszuwerden, scheitert am 9.b4.}
(8... b6 9. b4 bxc5 10. bxc5) 9. Qc2 f5 (9... Ng5) 10. Bb5 {Weiß kämpft um das
wichtigen Feld e5.} O-O 11. O-O Bf6 {Eine Ungenauigkeit. 11...g5, wie schon
von Fischer gespielt wurde, wäre besser gewesen.} (11... g5 12. Bxc6 bxc6 13.
Ne5 Bf6 $132) 12. Ne2 $6 {Erlaubt Schwarz die Initiative zu ergreifen. Um das
Feld e5 zu kontrolieren, sollte Weiß auf c6 tauschen und den Läufer c1 ins
Spiel bringen.} (12. Bxc6 bxc6 13. Bf4 $1 a5 (13... Qe8 14. Rfe1 g5 15. Bd6 $1
$14 (15. Be5 $6 g4 16. Bxf6 gxf3 17. Be5 Qg6 18. g3 Qg4 19. Qd3 Ng5 $36)) (
13... g5 $6 14. Be5 g4 (14... Be7) 15. Bxf6 Rxf6 16. Ne5 Rh6 17. Qc1 Qh4 18.
Qf4 $16) 14. Rfe1 Ba6 15. Re3 (15. Na4 Ra7 16. Nb6 g5 17. Be5 g4 18. Bxf6 Rxf6
19. Ne5 Rh6 $132) 15... Ra7 16. Rae1 $14) 12... g5 13. Bxc6 (13. Rd1 Qe7 {
mit der Idee ...Qg7.}) 13... bxc6 14. Ne5 $6 {Erlaubt ...Bxe5, was zu
schwarzem Vorteil führt. Das etwas komisch aussehende 14.Ne1 würde dagegen
nach 14...Ba6 15.Nd3 zur Partiestellung führen.} Ba6 {Ich überschätzte ein
wenig meine Stellung nach 14...Ba6 und habe deswegen nicht so viel Zeit
anderen Fortsetzungen gewidmet.} (14... Bxe5 $1 15. dxe5 Ba6 16. Rd1 Bxe2 17.
Qxe2 f4 18. Bd2 Rf5 $15) 15. Nd3 e5 16. dxe5 {16.Nxe5 war wahrscheinlich
besser, aber auch dann steht Weiß unter Druck.} (16. Nxe5 Bxe5 17. dxe5 d4 18.
Rd1 (18. b4 Qd5 19. Qb2 Nc3 20. Nxc3 dxc3 21. Qxc3 Bxf1 22. Kxf1 Qd1+ 23. Qe1
Qxe1+ 24. Kxe1 f4 $15) 18... d3 19. Qb3+ Rf7 20. Nc3 Nxc5 21. Qb4 Ne6 $15)
16... Bxd3 17. Qxd3 Bxe5 18. Be3 (18. Qc2 Qb8 19. f4 $1 gxf4 20. Rb1 a5 (20...
f3 $5 21. gxf3 Bxh2+ 22. Kh1 (22. Kg2 Ng3) 22... Ng3+ 23. Nxg3 Bxg3 24. Rg1 Rf6
25. Bg5 Rg6 26. f4 Bxf4 27. Qxf5 Bxg5 28. Rxg5 Qe8 $15) 21. Bxf4 Bxf4 22. Rxf4
(22. Nxf4 Qe5) 22... Qe5 $36) 18... Bxb2 $6 {Ich wollte hier 18...Qc7! spielen,
habe aber leider in der Variante einen wichtigen Zwischenzug übersehen und bin
daher auf 18...Bxb2 ausgewichen.} (18... Qc7 $1 19. f4 Bxb2 20. Rab1 gxf4 $1 {
(das habe ich übersehen)} 21. Bxf4 Be5 $15) 19. Rab1 Rb8 20. f3 f4 21. Bd4 {
21.fxe4 lässt mehr Möglichkeiten für Schwarz zu, auch wenn es bei genauem
Spiel zum Ausgleich führen sollte.} (21. fxe4 fxe3 22. Rxf8+ Qxf8 23. exd5 Qxc5
24. d6 (24. dxc6 Qxc6 25. Kh1) 24... Qd5 25. Qxd5+ cxd5 26. d7 Kf7 27. d8=Q
Rxd8 28. Rxb2 d4 29. Kf1 d3 30. Ke1 $11) 21... Bxd4+ 22. Qxd4 (22. Nxd4 Nxc5
23. Qc3 Rxb1 24. Rxb1 Qd6 25. Rc1 $44) 22... Nf6 23. Qe5 $1 {Die weiße Dame
dringt sehr unangenehm ein. Schwarz muss jetzt aufpassen.} Nd7 $1 24. Qe6+ Kh8
(24... Rf7 25. Qxc6 Rc8 26. Qxd5 Nxc5) 25. Qxc6 Qe7 26. Qxd5 Qxc5+ 27. Qxc5 (
27. Qd4+ Qxd4+ 28. Nxd4 Nc5) 27... Nxc5 28. Nd4 Rb6 29. Rbc1 Nb3 30. Nxb3 Rxb3
31. Rc7 Rxa3 32. Rd1 Kg8 33. Rdd7 Ra1+ 34. Kf2 Ra2+ 35. Kg1 (35. Ke1 Re8+ 36.
Kd1 Ra1+ 37. Kc2 Ra2+ 38. Kb3 Rxg2) 35... Ra1+ 36. Kf2 Ra2+ 1/2-1/2

[Event "Elenite"]
[Site "Elenite"]
[Date "1993.??.??"]
[Round "4"]
[White "Adams, Michael"]
[Black "Granda Zuniga, Julio E"]
[Result "1-0"]
[WhiteElo "2630"]
[BlackElo "2605"]
[Annotator "Hansen,Cu"]
[PlyCount "79"]
[EventDate "1993.??.??"]
[EventType "tourn"]
[EventRounds "11"]
[EventCountry "BUL"]
[EventCategory "14"]
[SourceTitle "CBM 038"]
[Source "ChessBase"]
[SourceDate "1994.02.01"]
[SourceVersion "1"]
[SourceVersionDate "1994.02.01"]
[SourceQuality "1"]

1. e4 c6 2. d4 d5 3. exd5 cxd5 4. c4 Nf6 5. Nc3 e6 6. Nf3 Be7 7. cxd5 exd5 8.
Bb5+ Bd7 (8... Nc6 9. O-O (9. Bxc6+ bxc6 10. Ne5 Bb7 11. O-O O-O 12. Na4 Rc8
13. Bg5 $14 {Benko,P-Porath,Y/Amsterdam izt/1964/}) 9... O-O 10. Ne5 Bd7 (10...
Qb6 11. Bg5 Nd8 (11... Nxd4 12. Be3 Bc5 13. Nd3 Ng4 14. Nxc5 Nxb5 15. Nd7 Nxe3
16. Nxb6 Nxd1 17. Nxb5 axb6 18. Nc7 Ra5 19. Rfxd1 Be6 20. b4 $10 {Polgar,
J-Brestian,E/Vienna/1991/}) 12. Qd3 Ne6 13. Be3 Rd8 14. f4 Nc7 15. Ba4 Qa6 16.
Qxa6 Nxa6 17. f5 $14 {Adams,M-Larsen,B/Cannes/1989/}) 11. Re1 Rc8 (11... Bb4
12. Bxc6 Bxc6 13. Bg5 Qd6 14. Qb3 $14 {Tal,M-Meduna,E/Lvov/1981/}) 12. Bg5 Be6
13. Bxc6 bxc6 14. Na4 $14 {Velimirovic,D-Benko,P/Vrnjacka Banja/1973/}) (8...
Nbd7 9. Qb3 (9. O-O O-O 10. Ne5 Nb6 (10... Bd6 11. Bf4 Nb6 12. Bg5 Be6 13. f4
h6 14. Bh4 Be7 15. f5 $16 {Wolff,P-Rowley,R/New York op/1989/}) 11. Qf3 Be6 12.
Re1 Ne4 13. Nxe4 dxe4 14. Qxe4 Bd5 15. Qg4 f5 $13 {Martin,A-Campora,D/Candas
op/1992/}) 9... O-O 10. O-O Nb6 11. Re1 Be6 (11... h6 12. a4 Be6 13. a5 Nc8 14.
a6 Rb8 15. Bc6 b5 16. Bxb5 Nd6 17. Bf4 $16 {Dueball,J-Kordsachia,T/BL/1981/})
12. Bg5 Rc8 13. Rac1 $14 {Heidrich,M-Hickl,J/BL/1988/}) 9. Bxd7+ Nbxd7 10. Qb3
(10. O-O O-O 11. Bf4 {0,5/Kratochwil,C-Roeder,G/2.BLS/1993/}) 10... Nb6 11. O-O
O-O 12. Bg5 (12. Re1 Re8 (12... Qd6 13. Nb5 Qb4 14. Bd2 Qxb3 15. axb3 Ne4 16.
Nc7 Nxd2 17. Nxd2 $18 {Hohlfeld,W-Pfleger,Ho/BL/1982/}) 13. Bg5 (13. a4 a5 14.
Bg5 Ne4 15. Bxe7 Rxe7 $10 {Wella,B-Lee,C/Dubai ol/1986/}) 13... Qd7 14. Ne5 Qf5
15. Bxf6 gxf6 16. Nf3 $16 {King,D-Seegers,H/2.BLW/1988/}) 12... h6 (12... Re8
13. Rfe1 Ne4 $2 14. Nxe4 dxe4 15. Rxe4 Bxg5 16. Rxe8+ Qxe8 17. Nxg5 $16) 13.
Bh4 Rc8 (13... Re8 {/\Ne4} 14. Rfe1 Ne4 15. Nxe4 $14) 14. Rfe1 Rc6 15. Re2 {
/\Rae1 <->e,/^h4-d8} (15. Ne5 Re6) 15... g5 16. Bg3 Nh5 17. Rae1 Bf6 18. a4 {
/\19.a5, ><b7,><d5} Nxg3 19. hxg3 a6 20. a5 Nc4 21. Qxb7 Nxa5 22. Qb4 {/\Ne5}
Rc4 23. Qa3 {קb2,קd4 - קa6,קd5,><f5,פa5} Bxd4 24. Nxd4 Rxd4 25. Ra1 (25.
b4 $5 Nc4 (25... Nc6 26. Qxa6 $16) 26. Qxa6 Kg7 $14) 25... Nc4 26. Qxa6 Kg7 27.
b3 Nb6 $6 (27... Nd6 $5 {/\Ne4} 28. Qa7 Rd3) 28. Rae1 $14 {צd4,עg7} Qf6 $6 (
28... Nd7 $5 {/\Nf6} 29. Nb5 Rb4 30. Nd6 Qf6 $132) (28... Rb4 29. Qa3 $16) 29.
Nb5 Rb4 30. Nc7 $16 {/\Ne8+} Qc3 (30... Qd4 31. Qb7 Kg8 32. Qc6 $16 (32. Re8
$16)) 31. Ne8+ Kg8 32. Re3 Qc6 (32... Qd4 33. Qe2 $16 {/\Qh5//\Rd3}) 33. Qa5
Qb5 34. Qa3 {/\Nd6} Qc5 35. Nc7 {/\Na6} d4 36. Na6 Qc8 37. Re5 $18 {צb4} Rxb3
38. Qxb3 Qxa6 39. Rf5 {/\Rf6//\Re6} Nc4 40. Rd5 1-0

[Event "Elenite"]
[Site "Elenite"]
[Date "1995.??.??"]
[Round "7"]
[White "Topalov, Veselin"]
[Black "Gulko, Boris F"]
[Result "1/2-1/2"]
[WhiteElo "2670"]
[BlackElo "2620"]
[Annotator "Dolmatov,S"]
[PlyCount "83"]
[EventDate "1995.09.??"]
[EventType "tourn"]
[EventRounds "9"]
[EventCountry "BUL"]
[EventCategory "15"]
[SourceTitle "CBM 050"]
[Source "ChessBase"]
[SourceDate "1996.02.01"]
[SourceVersion "1"]
[SourceVersionDate "1996.02.01"]
[SourceQuality "1"]

1. e4 c6 2. d4 d5 3. exd5 cxd5 4. c4 Nf6 5. Nc3 Nc6 6. Bg5 e6 7. c5 $2 (7. Nf3
Be7 8. Rc1 O-O 9. c5 Ne4 10. Bxe7 Qxe7 11. Be2 $14 Nxc3 12. Rxc3 e5 13. Nxe5
Nxe5 14. Re3 $16) 7... Bd7 8. Bb5 (8. a3 $5 b6 9. b4 bxc5 10. dxc5 $13) 8... b6
9. Bxc6 (9. cxb6 Qxb6 10. Bxf6 gxf6 11. Nge2 $10 {Psakhis,L-Granda Zuniga,J/
Manila/1992/}) 9... Bxc6 10. b4 bxc5 11. bxc5 Qa5 $1 (11... Be7 12. Nf3) 12.
Bd2 Qa6 13. Nf3 (13. Rb1 Be7 14. Nf3 Nd7 $10) (13. Nge2 Be7 14. O-O O-O) 13...
Nd7 14. Qe2 (14. Rb1 Be7 15. a4 O-O 16. Nb5 Rab8 17. Qb3 Rb7 18. O-O Rfb8 $15)
14... Qxe2+ 15. Kxe2 Be7 16. Be3 f6 17. Ne1 O-O 18. Nd3 Rab8 19. Rab1 a5 (19...
e5 $2 20. Nb4 $16) 20. f4 (20. Nf4 $2 Kf7 $15) 20... g5 $1 21. fxg5 $6 (21. g4
gxf4 22. Nxf4 Kf7 (22... e5 $2 23. Nfxd5) 23. Kd3 $132) 21... fxg5 22. Rxb8
Rxb8 23. Rf1 Bf6 $15 24. g4 Kg7 25. h3 Re8 26. Kd1 Kg6 27. Kc1 h5 28. gxh5+ (
28. Rh1 Rh8) 28... Kxh5 29. Kd2 Kg6 30. Rg1 Rh8 31. Rg3 Rh4 32. Nf4+ Kf5 33.
Ng2 Rxd4+ $2 (33... Rh8 34. Rf3+ Kg6 35. Rg3 e5 $17) 34. Bxd4 Bxd4 35. h4 $1
$10 gxh4 (35... g4 36. Ne2) 36. Nxh4+ Kf6 37. Rg8 Nxc5 38. Nf3 Bxc3+ 39. Kxc3
e5 40. Rc8 (40. Rf8+ Ke6 $10) 40... Ne4+ 41. Kb2 Bd7 42. Ra8 1/2-1/2

[Event "Olympiad-32"]
[Site "Yerevan"]
[Date "1996.09.26"]
[Round "10.1"]
[White "Ehlvest, Jaan"]
[Black "Granda Zuniga, Julio E"]
[Result "1-0"]
[WhiteElo "2660"]
[BlackElo "2610"]
[Annotator "Shipov,S"]
[PlyCount "57"]
[EventDate "1996.09.15"]
[EventType "team-swiss"]
[EventRounds "14"]
[EventCountry "ARM"]
[SourceTitle "CBM 055"]
[Source "ChessBase"]
[SourceDate "1996.12.01"]
[SourceVersion "1"]
[SourceVersionDate "1996.12.01"]
[SourceQuality "1"]
[WhiteTeam "Estonia"]
[BlackTeam "Peru"]
[WhiteTeamCountry "EST"]
[BlackTeamCountry "PER"]

1. e4 c6 2. d4 d5 3. exd5 cxd5 4. c4 Nf6 5. Nc3 Nc6 6. Bg5 e6 (6... Qa5 7. Bxf6
exf6 8. a3 dxc4 9. Bxc4 Bd6 10. Qe2+ $1 Kf8 11. Qd2 Be6 12. Bxe6 fxe6 13. Nf3
Kf7 14. O-O $16 {Ljubojevic,L-Adams,M/Belgrade/1995/}) (6... dxc4 7. Bxc4 Qxd4
8. Qxd4 Nxd4 9. O-O-O e5 10. Nf3 Nxf3 11. gxf3 Be7 12. Rhe1 O-O 13. Rxe5 $14)
7. c5 h6 $6 (7... Bd7 8. Bb5 b6 9. cxb6 (9. Bxc6 Bxc6 10. b4 bxc5 11. bxc5 Qa5
12. Bd2 Qa6 13. Nf3 Nd7 14. Qe2 Qxe2+ 15. Kxe2 Be7 16. Be3 f6 17. Ne1 O-O 18.
Nd3 Rab8 19. Rab1 a5 $10 {Topalov,V-Gulko,B/Burgas/1995/0,5/42/}) 9... Qxb6 10.
Bxf6 gxf6 11. Nge2 a6 12. Bxc6 Bxc6 13. Rb1 Bd6 (13... a5 $5) 14. O-O h5 15. b4
Ke7 16. Qd2 $14 {Psakhis,L-Granda Zuniga,J/Manila(olm)/1992/}) (7... Be7 8. Nf3
O-O 9. Bb5 h6 10. Bh4 Ne4 11. Bxe7 Nxe7 12. Qc2 Qa5 13. Bd3 Nxc3 14. Qxc3 Qxc3+
15. bxc3 b6 16. cxb6 axb6 17. Kd2 Ba6 $10 {Kobalija,M-Dyachkov,S/Moscow/1995/0,
5/18/}) 8. Bxf6 Qxf6 9. Bb5 g6 (9... g5 $5) 10. Nf3 Bg7 11. Qd2 $1 (11. O-O Bd7
12. Bxc6 Bxc6 $14) 11... Bd7 12. Rd1 O-O 13. O-O Qd8 14. Rfe1 b6 (14... Qa5 $5
{/\ /} 15. Bxc6 (15. a3 $14) 15... Bxc6 16. Nxd5 $6 Qxd2 17. Ne7+ Kh7 18. Nxd2
(18. Rxd2 $2 Bxf3 19. gxf3 Rfe8) 18... Bxd4 $13) 15. Bxc6 Bxc6 16. b4 bxc5 17.
bxc5 Rb8 (17... Qa5 $2 18. Nxd5 $1 Qxd2 19. Ne7+ $18) 18. Ne5 Be8 19. f4 $16 {
()/} f6 (19... g5 $5) 20. Nd3 Bf7 21. Rb1 g5 $2 (21... Qa5 $1 $16) 22. Rxb8
Qxb8 23. Rb1 Qc8 24. Nb5 Bg6 (24... Qa6 $5) 25. Nd6 Qa6 26. Nb4 Qa5 27. f5 $1
$18 exf5 28. Rb2 Rd8 $4 (28... Bf7 29. Nxf5 $18 {>< d5,o^ c5/}) 29. Nb7 1-0

[Event "FIDE-Wch k.o."]
[Site "New Delhi/Teheran"]
[Date "2000.12.02"]
[Round "2.4"]
[White "Ivanchuk, Vassily"]
[Black "Ehlvest, Jaan"]
[Result "0-1"]
[WhiteElo "2719"]
[BlackElo "2627"]
[Annotator "Mueller,Karsten"]
[PlyCount "56"]
[EventDate "2000.11.27"]
[EventType "k.o."]
[EventRounds "7"]
[EventCountry "IND"]
[SourceTitle "CBM 081"]
[Source "ChessBase"]
[SourceDate "2001.03.20"]
[SourceVersion "1"]
[SourceVersionDate "2001.03.20"]
[SourceQuality "1"]

1. c4 c6 2. e4 d5 3. exd5 Nf6 4. Nc3 cxd5 5. d4 e6 6. Nf3 Bb4 7. cxd5 Nxd5 8.
Qc2 Qc7 9. Bd2 Nd7 10. Bd3 Bxc3 $5 (10... Nf4 $6 11. Bxf4 Qxf4 12. O-O a6 $6
13. Rfe1 Bxc3 $6 14. bxc3 g6 15. Re4 $36 {1-0 Spacek,P-Dejkalo,S/Prague 1989/
EXT 89 (35)}) 11. bxc3 N5f6 12. a4 (12. O-O {wirkt flexibler.}) 12... b6 13.
O-O Bb7 14. Nh4 O-O 15. f4 Bd5 16. Nf3 Bc4 17. Ne5 Bxd3 18. Qxd3 Rac8 19. Rf3 (
19. a5 $5 {um den schwachen a-Bauern aufzulösen kam stark in Frage, da auf}
bxa5 20. c4 {folgen kann.}) 19... Nd5 20. Qb5 Rfd8 21. Raf1 f5 $1 {[%mdl 32]
Ehlvest stoppt die weißen Angriffsbemühungen wirkungsvoll und spielt spielt
gleichzeitig auf die schwachen weißen Felder in Ivanchuks Lager.} 22. Be1 $6 {
dieser Versuch, weiter am Königsflügel anzugreifen, führt überraschend schnell
in eine sehr schlechte Lage.} ({Schadensbegrenzung mit} 22. Rc1 {war besser, z.
B.} Nxe5 23. fxe5 Qc4 24. Bg5 $15) 22... Nxe5 $1 23. fxe5 Qc4 24. Bh4 $6 (24.
Bd2 a6 (24... Qxb5 $6 25. axb5 Nc7 26. Bg5 Rd5 27. Rc1 Rxb5 28. c4 $15) 25. Qb2
Qxa4 $17) 24... Qxb5 25. axb5 Rd7 26. Rc1 Rc4 27. Be1 Nc7 28. h3 $6 (28. Rb1
Rd5 29. Rf2 Nxb5 30. Rb3 Nc7 31. Ra2 Rb5 32. Rxb5 Nxb5 $17) 28... Rdxd4 $1 {
Es war nicht Ivanchuks Tag.} (28... Rdxd4 29. cxd4 Rxc1 30. Kf1 Nxb5 $19) 0-1